Vplyv krízy COVID-19 na demografiu podnikov a zamestnanosť v SR a EÚ zborník vedeckých statí k projektu VEGA 1/0561/21

Salvato in:
Dettagli Bibliografici
Ente Autore: Fakulta hospodárskej informatiky EU. Katedra štatistiky
Altri autori: Vojtková, Mária, 1966-, Mihalech, Patrik, 1994-, Megyesiová, Silvia, 1969-, Stankovičová, Iveta
Natura: Libro
Lingua:slovacco
inglese
Pubblicazione: Bratislava Vydavateľstvo EKONÓM 2021
Edizione:1. vydanie
Soggetti:
Tags: Aggiungi Tag
Nessun Tag, puoi essere il primo ad aggiungerne!!

MARC

LEADER 00000nam a2200000 4500
001 0279851
005 20240502074335.7
020 |a 978-80-225-4883-0 
041 0 |a slo 
041 0 |a eng 
044 |a SK 
245 1 0 |a Vplyv krízy COVID-19 na demografiu podnikov a zamestnanosť v SR a EÚ  |b zborník vedeckých statí k projektu VEGA 1/0561/21  |c editori: Mária Vojtková, Patrik Mihalech ; recenzenti: Silvia Megyesiová, Iveta Stankovičová 
250 |a 1. vydanie 
264 1 |a Bratislava  |b Vydavateľstvo EKONÓM  |c 2021 
300 |a [129 s.] [7,4 AH] 
610 2 0 |a koronavírus 
610 2 0 |a koronakríza 
610 2 0 |a demografia 
610 2 0 |a podnik 
610 2 0 |a zamestnanosť 
610 2 0 |a porovnanie štatistické medzinárodné 
610 2 0 |a Slovensko 
610 2 0 |a Česko 
700 1 |a Vojtková, Mária, 1966- 
700 1 |a Mihalech, Patrik, 1994- 
700 1 |a Megyesiová, Silvia, 1969- 
700 1 |a Stankovičová, Iveta 
710 2 |a Fakulta hospodárskej informatiky EU. Katedra štatistiky